All Girls Are The Same - Juice WRLD - Statistics

General Stats
  • This quiz has been taken 1,573 times
  • The average score is 194 of 296
Answer Stats
Lyrics % Correct
a
99%
the
96%
I
95%
my
93%
are
90%
same
90%
ho
88%
All
87%
all
87%
go
86%
me
86%
no
85%
brain
83%
Fuck
83%
fuck
83%
girls
83%
heart
83%
oh
83%
it
82%
in
81%
didn’t
80%
I’m
80%
Who
80%
sippin’
78%
another
76%
Broke
76%
love
76%
she
76%
admit
75%
bottle
75%
got
74%
finished
73%
to
73%
To
73%
you
73%
These
72%
these
72%
down
71%
whole
71%
be
69%
Need
69%
need
69%
rottin’
69%
rottin'
69%
Hard
68%
hard
68%
sorrow
68%
can’t
66%
hoes
66%
bartender
65%
swallow
64%
am
63%
Am
63%
they’re
63%
They’re
63%
And
62%
and
62%
truth
62%
women
62%
I’ma
61%
liquor
61%
up
61%
day
58%
minute
58%
Wake
58%
by
57%
next
57%
out
57%
insane
56%
Colorado
55%
from
55%
tell
55%
Tell
55%
kiddin’?
54%
put
54%
jealous
53%
this
53%
Carlo
52%
feel
52%
Feel
52%
gone
52%
tomorrow
52%
Monte
51%
new
51%
take
51%
With
50%
woman
50%
Ten
48%
ten
48%
that
48%
like
47%
livin’
47%
livin’?
47%
not
47%
drown
46%
real
46%
she’ll
46%
Think
46%
John
45%
break
44%
change
44%
don’t
44%
Before
43%
get
43%
Lennon
43%
it’s
41%
It’s
41%
been
40%
fit
40%
just
40%
secret
40%
told
40%
want
40%
winnin’
40%
givin’
39%
guess
39%
minutes
39%
runnin’
39%
given
38%
race
38%
way
38%
off
37%
what’s
37%
devil
36%
grinnin’
36%
Pissed
36%
would
36%
borrow
35%
boy
35%
really
34%
still
34%
Demons
32%
mind
29%
now
29%
Now
29%
trippin’
29%
losin’
28%
today
28%
sinnin’
27%
time
27%
’Cause
26%
dyin’?
26%
ceilin’
25%
into
25%
know
24%
feelings
23%
Ran
23%
wastin’
23%
Uh
21%
Peace
20%
Ah
16%
Hey
14%
attain
13%
Mmm
13%
No matching quizzes found
Score Distribution
Percent of People with Each Score
Percentile by Number Answered
Your Score History
You have not taken this quiz